Health promotion throughout the life span / (Record no. 68244)

MARC details
000 -LEADER
fixed length control field 01731cam a2200277 a 4500
001 - CONTROL NUMBER
control field vtls003207278
003 - CONTROL NUMBER IDENTIFIER
control field MY-SjTCS
005 - DATE AND TIME OF LATEST TRANSACTION
control field 20200306171312.0
008 - FIXED-LENGTH DATA ELEMENTS--GENERAL INFORMATION
fixed length control field 110218s2010 moua b 001 0 eng
020 ## - INTERNATIONAL STANDARD BOOK NUMBER
International Standard Book Number 9780323056625 (pbk. : alk. paper)
020 ## - INTERNATIONAL STANDARD BOOK NUMBER
International Standard Book Number 0323056628 (pbk. : alk. paper)
039 #9 - LEVEL OF BIBLIOGRAPHIC CONTROL AND CODING DETAIL [OBSOLETE]
Level of rules in bibliographic description 201305161129
Level of effort used to assign nonsubject heading access points VLOAD
Level of effort used to assign subject headings 201102181727
Level of effort used to assign classification VLOAD
Level of effort used to assign subject headings 201010141816
Level of effort used to assign classification pushpa
-- 201008201757
-- malathy
082 04 - DEWEY DECIMAL CLASSIFICATION NUMBER
Classification number 613
Item number HEA 2010
245 00 - TITLE STATEMENT
Title Health promotion throughout the life span /
Statement of responsibility, etc. [edited by] Carole Lium Edelman, Carol Lynn Mandle.
250 ## - EDITION STATEMENT
Edition statement 7th ed.
260 ## - PUBLICATION, DISTRIBUTION, ETC.
Place of publication, distribution, etc. St. Louis, Mo. :
Name of publisher, distributor, etc. Mosby,
Date of publication, distribution, etc. c2010.
300 ## - PHYSICAL DESCRIPTION
Extent xix, 697 p. :
Other physical details ill. (some col.) ;
Dimensions 28 cm.
504 ## - BIBLIOGRAPHY, ETC. NOTE
Bibliography, etc. note Includes bibliographical references and index.
505 0# - FORMATTED CONTENTS NOTE
Formatted contents note Health defined : objectives for promotion and prevention -- Emerging populations and health -- Health policy and the delivery system -- The therapeutic relationship -- Ethical issues relevant to health promotion -- Health promotion and the individual -- Health promotion and the family -- Health promotion and the community -- Screening -- Health education -- Nutrition counseling for health promotion -- Exercise -- Stress management -- Holistic health strategies -- Overview of growth and development framework -- The prenatal period -- Infant -- Toddler -- Preschool child -- School-age child -- Adolescent -- Young adult -- Middle-age adult -- Older adult -- Health promotion in the twenty-first century : throughout the life span and throughout the world.
650 #0 - SUBJECT ADDED ENTRY--TOPICAL TERM
Topical term or geographic name entry element Health promotion.
9 (RLIN) 209996
650 #0 - SUBJECT ADDED ENTRY--TOPICAL TERM
Topical term or geographic name entry element Nursing.
9 (RLIN) 301174
650 #0 - SUBJECT ADDED ENTRY--TOPICAL TERM
Topical term or geographic name entry element Medicine, Preventive.
9 (RLIN) 16476
700 1# - ADDED ENTRY--PERSONAL NAME
Personal name Edelman, Carole.
9 (RLIN) 301175
700 1# - ADDED ENTRY--PERSONAL NAME
Personal name Mandle, Carol Lynn.
9 (RLIN) 301176
920 ## - Programme
Programme SMN : 150387
Holdings
Withdrawn status Lost status Source of classification or shelving scheme Damaged status Not for loan Home library Current library Date acquired Cost, normal purchase price Total Checkouts Barcode Date last seen Date last checked out Copy number Cost, replacement price Koha item type Public note
    Dewey Decimal Classification     Taylor's Library-TU Taylor's Library-TU 03/09/2010 253.95 2 5000023642 05/12/2019 27/06/2013 1 253.95 Main Collection SOMxx,33001,03,CL